=LDR 00000nam 2200000 4500 =001 INLIS000000000025382 =005 20130612123910 =008 ***********************************Ind** =035 ##$$0010-061300000025382 =041 ##$$a Ind =082 ##$$a 741.6 =090 ##$$a 741.6, Oni p =100 ##$$a Onie E. Yosiphne =245 ##$$a Paper tole, Yosephane E. Onie =260 ##$$a 2005 $b Jakarta =300 ##$$a 83 hlm, ilus6c23 cm =650 ##$$a Seni gambar =850 ##$$a NBPNMAT